000 00501nam a2200145Ia 4500
008 090122s9999 xx 000 0 und d
082 _b7136
_a891.4681
100 _aदास
_bराजेंद्र
245 _aशब्द भेटण्याच्या वयातच
600 _aदास
630 _aशब्द भेटण्याच्या वयातच
700 _aदास
730 _aशब्द भेटण्याच्या वयातच
942 _cBOOK
999 _c31213
_d31213